Municípios da área de cobertura da EPTV Campinas - Statistics

Estatísticas Gerais
  • Esse quiz foi jogado 37 vezes
  • A pontuação média é 27 de 49
Estatísticas das Respostas
Municípios % Correto
Campinas
100%
Hortolândia
87%
Sumaré
84%
Americana
81%
Indaiatuba
81%
Valinhos
81%
Monte Mor
74%
Piracicaba
74%
Vinhedo
74%
Holambra
71%
Jaguariúna
71%
Santa Bárbara d'Oeste
71%
Limeira
68%
Mogi Guaçu
68%
Paulínia
68%
Águas de Lindóia
65%
Artur Nogueira
65%
Mogi Mirim
65%
Pedreira
65%
Lindóia
61%
Nova Odessa
61%
Cosmópolis
58%
Morungaba
55%
Águas de São Pedro
52%
Amparo
52%
Capivari
52%
Engenheiro Coelho
52%
Santo Antônio de Posse
52%
Serra Negra
52%
Socorro
52%
Estiva Gerbi
48%
Elias Fausto
45%
Itapira
42%
Louveira
42%
Monte Alegre do Sul
42%
Rafard
42%
São Pedro
42%
Mombuca
39%
Saltinho
39%
Cordeirópolis
35%
Iracemápolis
35%
Rio das Pedras
35%
Tuiuti
32%
Charqueada
29%
Pedra Bela
29%
Pinhalzinho
26%
Espírito Santo do Pinhal
23%
Ipeúna
16%
Santo Antônio do Jardim
16%
Nenhum quiz correspondente encontrado
Distribuição das Pontuações
Porcentagem de Pessoas com Cada Pontuação
Percentil de Números Respondidos
Sua Pontuação Histórica
Você não jogou esse quiz